Señorita Mariposa / (Record no. 24718)

MARC details
000 -LEADER
fixed length control field 01763cam a2200469Ii 4500
001 - CONTROL NUMBER
control field sjds2242021
003 - CONTROL NUMBER IDENTIFIER
control field sjds
005 - DATE AND TIME OF LATEST TRANSACTION
control field 20200710131124.0
008 - FIXED-LENGTH DATA ELEMENTS--GENERAL INFORMATION
fixed length control field 190729s2019 nyua a 000 1 eng
010 ## - LIBRARY OF CONGRESS CONTROL NUMBER
LC control number 2019002347
020 ## - INTERNATIONAL STANDARD BOOK NUMBER
International Standard Book Number 9781524740702
Qualifying information (hardback)
020 ## - INTERNATIONAL STANDARD BOOK NUMBER
International Standard Book Number 1524740705
Qualifying information (hardback)
035 ## - SYSTEM CONTROL NUMBER
System control number (OCoLC)1110578430
035 ## - SYSTEM CONTROL NUMBER
System control number 2241983
035 ## - SYSTEM CONTROL NUMBER
System control number (OCoLC)on1110578430
035 ## - SYSTEM CONTROL NUMBER
System control number 2241983
040 ## - CATALOGING SOURCE
Original cataloging agency DLC
Language of cataloging eng
Description conventions rda
Transcribing agency FMG
Modifying agency FMG
-- OCLCO
-- JTH
-- CLE
-- IFA
041 1# - LANGUAGE CODE
Language code of text/sound track or separate title eng
-- spa
049 ## - LOCAL HOLDINGS (OCLC)
Holding library IFAA
099 ## - LOCAL FREE-TEXT CALL NUMBER (OCLC)
Classification number G
Filing suffix 2019
100 1# - MAIN ENTRY--PERSONAL NAME
Personal name G,
Titles and words associated with a name Mister,
Relator term author.
245 10 - TITLE STATEMENT
Title Señorita Mariposa /
Statement of responsibility, etc. Ben Gundersheimer also known as Mister G ; illustrated by Marcos Almada Rivero.
260 ## - PUBLICATION, DISTRIBUTION, ETC. (IMPRINT)
Place of publication, distribution, etc. New York :
Name of publisher, distributor, etc. Nancy Paulsen Books,
Date of publication, distribution, etc. [2019]
264 #1 - PRODUCTION, PUBLICATION, DISTRIBUTION, MANUFACTURE, AND COPYRIGHT NOTICE
Place of production, publication, distribution, manufacture New York :
Name of producer, publisher, distributor, manufacturer Nancy Paulsen Books,
Date of production, publication, distribution, manufacture, or copyright notice [2019]
300 ## - PHYSICAL DESCRIPTION
Extent 1 volume (unpaged) :
Other physical details color illustrations ;
Dimensions 27 cm
336 ## - CONTENT TYPE
Content type term text
Content type code txt
Source rdacontent
336 ## - CONTENT TYPE
Content type term still image
Content type code sti
Source rdacontent
337 ## - MEDIA TYPE
Media type term unmediated
Media type code n
Source rdamedia
338 ## - CARRIER TYPE
Carrier type term volume
Carrier type code nc
Source rdacarrier
520 ## - SUMMARY, ETC.
Summary, etc. Illustrations and easy-to-read text in English and Spanish follow monarch butterflies on their journey from Canada to Mexico. Includes author's note on how to help protect monarch butterflies.
546 ## - LANGUAGE NOTE
Language note In English and Spanish.
650 #0 - SUBJECT ADDED ENTRY--TOPICAL TERM
Topical term or geographic name as entry element Stories in rhyme.
650 #0 - SUBJECT ADDED ENTRY--TOPICAL TERM
Topical term or geographic name as entry element Monarch butterfly
General subdivision Migration
Form subdivision Juvenile fiction.
650 #0 - SUBJECT ADDED ENTRY--TOPICAL TERM
Topical term or geographic name as entry element Butterflies
Form subdivision Juvenile fiction.
650 #0 - SUBJECT ADDED ENTRY--TOPICAL TERM
Topical term or geographic name as entry element Spanish language materials
General subdivision Bilingual.
650 #7 - SUBJECT ADDED ENTRY--TOPICAL TERM
Topical term or geographic name as entry element Cuentos en ritmo.
Source of heading or term bidex
650 #7 - SUBJECT ADDED ENTRY--TOPICAL TERM
Topical term or geographic name as entry element Mariposa monarca
General subdivision Migracion
Form subdivision Novela juvenil.
Source of heading or term bidex
650 #7 - SUBJECT ADDED ENTRY--TOPICAL TERM
Topical term or geographic name as entry element Mariposas
Form subdivision Novela juvenil.
Source of heading or term bidex
655 #0 - INDEX TERM--GENRE/FORM
Genre/form data or focus term Picture books for children.
700 1# - ADDED ENTRY--PERSONAL NAME
Personal name Almada Rivero, Marcos,
Relator term illustrator.
942 ## - ADDED ENTRY ELEMENTS (KOHA)
Koha item type Libro/Book
Holdings
Withdrawn status Lost status Damaged status Not for loan Home library Current library Date acquired Total Checkouts Full call number Barcode Checked out Date last seen Date checked out Price effective from Koha item type Shelving location Inventory number
        Las Brisas 1 -- Satellite Las Brisas 1 -- Satellite 25/07/2020 1 JI 40002162 18/04/2024 14/03/2024 14/03/2024 25/07/2020 Libro/Book    
        San Juan Del Sur -- Biblioteca San Juan Del Sur -- Biblioteca 29/06/2023 3 JI CAJA/ESTANTE BILINGUE 30025775   21/03/2026 29/11/2025 29/06/2023 Libro/Book Children's Area Checked out from 2023 - Jan 2025

Powered by Koha